Písař Místa pravdy : život egyptologa Jaroslava Černého = [The scribe of the Place of Truth : the life of the Egyptologist Jaroslav Černý] /

محفوظ في:

المؤلف الرئيسي: Růžová, Jiřina (مؤلف)

التنسيق: كتاب

اللغة: Czech
English

منشور في: Praha : Libri, 2010.

الموضوعات:

الوسوم: إضافة وسم

لا توجد وسوم, كن أول من يضع وسما على هذه التسجيلة!

رقم الطلب: PJ1064 .C47 R89 2010

LEADER 00992nam a22002657a 4500
003 OSt
005 20251013103507.0
008 251013t2010 xr ach g b 000 0bcze d
020 |a 9788072774654 
040 |c ARCE Library 
041 0 |a cze  |a eng 
050 1 4 |a PJ1064 .C47  |b R89 2010 
100 1 |a Růžová, Jiřina,  |e author  |9 38827 
245 1 0 |a Písař Místa pravdy :   |b život egyptologa Jaroslava Černého = [The scribe of the Place of Truth : the life of the Egyptologist Jaroslav Černý] /   |c Jiřina Růžová.  
246 3 1 |a Scribe of the Place of Truth : the life of the Egyptologist Jaroslav Černý. 
264 1 |a Praha :   |b Libri,   |c 2010. 
300 |a 311 pages :   |b illustrations, Portraits, Facsimiles ;  |c 21 cm. 
504 |a "Bibliografie Jaroslava Černého"-- p. 283-292. 
546 |a In Czech and English. 
555 |a shimaa 
600 1 0 |a Černý, Jaroslav,  |d 1898-1970.  
650 0 |a Egyptologists  |v Biography. 
901 |a reviewed 
942 |c BK  |2 lcc 
999 |c 24318  |d 24318